Zodpovednosť subjektov územnej samosprávy za porušenie finančnej disciplíny

Problematika zodpovednosti za hospodárenie s verejnými prostriedkami a zodpovednosti za porušenie finančnej disciplíny subjektov územnej samosprávy.

Saved in:
Bibliographic Details
Main Author: Konečná Veverková, Ingrid
Format: Book Chapter
Language:Slovak
Subjects:
Tags: Add Tag
No Tags, Be the first to tag this record!

MARC

LEADER 00000naa a2200000 4500
001 0201847
005 20231208083344.2
041 0 |a slo 
044 |a SK 
245 1 0 |a Zodpovednosť subjektov územnej samosprávy za porušenie finančnej disciplíny  |c Ingrid Konečná Veverková 
520 |a Problematika zodpovednosti za hospodárenie s verejnými prostriedkami a zodpovednosti za porušenie finančnej disciplíny subjektov územnej samosprávy. 
610 2 0 |a pravidlá rozpočtové 
610 2 0 |a samospráva miestna 
610 2 0 |a disciplína finančná 
610 2 0 |a Slovensko 
100 1 |a Konečná Veverková, Ingrid